[Event "SLO-ch 33rd"]
[Site "Radenci"]
[Date "2023.04.29"]
[Round "6"]
[White "Urh, Zala"]
[Black "Vah, Denis"]
[Result "1-0"]
[WhiteElo "2278"]
[BlackElo "1940"]
[PlyCount "82"]
[EventDate "2023.04.25"]
[EventType "team-match"]
[EventRounds "9"]
[EventCountry "SLO"]
[SourceTitle "CBM 214 Extra"]
[Source "ChessBase"]
[SourceDate "2023.07.31"]
[SourceVersion "1"]
[SourceVersionDate "2023.07.31"]
[SourceQuality "1"]

1. d4 d5 2. c4 e6 3. g3 dxc4 4. Bg2 Bb4+ 5. Nd2 Ne7 6. Ngf3 c3 7. bxc3 Bxc3 8. Rb1 Nbc6 9. e3 0-0 10. Qc2 Bxd2+ 11. Bxd2 h6 12. g4 Rb8 13. g5 h5 14. h4 b6 15. g6 f6 16. Rg1 Ba6 17. Nh2 Qd6 18. Nf1 Rbd8 19. Bc3 Nf5 20. Qd1 e5 21. Qxh5 Nh6 22. Qf3 exd4 23. Qxc6 Qxc6 24. Bxc6 dxc3 25. Rc1 Rd6 26. Rxc3 Rfd8 27. Rc1 Nf5 28. h5 Ne7 29. Bf3 c5 30. Rg4 Bc8 31. Ra4 a6 32. Ng3 b5 33. Rf4 c4 34. Ne4 Nd5 35. Rh4 Rb6 36. Rd1 Bb7 37. Nc5 Ba8 38. Rhd4 Rbd6 39. Nxa6 Rxa6 40. Bxd5+ Bxd5 41. Rxd5 Rda8 1-0

[Event "Nova Gorica op 27th"]
[Site "Nova Gorica"]
[Date "2023.03.17"]
[Round "2"]
[White "Vah, Denis"]
[Black "Vogrin, Aljaz"]
[Result "1-0"]
[WhiteElo "1968"]
[BlackElo "1530"]
[PlyCount "57"]
[EventDate "2023.03.16"]
[EventType "swiss"]
[EventRounds "9"]
[EventCountry "SLO"]
[SourceTitle "CBM 213 Extra"]
[Source "ChessBase"]
[SourceDate "2023.05.31"]
[SourceVersion "1"]
[SourceVersionDate "2023.05.31"]
[SourceQuality "1"]

1. d4 Nf6 2. c4 e5 3. dxe5 Ng4 4. e3 Nxe5 5. f4 Nec6 6. Nc3 g6 7. b3 Bg7 8. Bb2 0-0 9. Qd2 d6 10. Nge2 Nd7 11. Ng3 Nf6 12. Nge4 Bf5 13. Ng3 Bd7 14. 0-0-0 a5 15. h4 Bg4 16. Re1 Re8 17. h5 a4 18. hxg6 fxg6 19. Nxa4 Qd7 20. Bd3 Ne7 21. e4 Rxa4 22. bxa4 Qxa4 23. a3 Be6 24. Qc2 Qa7 25. Rhf1 c6 26. f5 gxf5 27. exf5 Bf7 28. Ne4 Nxe4 29. Rxe4 1-0

[Event "SLO-chT1 West"]
[Site "Slovenia"]
[Date "2022.10.07"]
[Round "1.5"]
[White "Groselj, Petra"]
[Black "Vah, Denis"]
[Result "1/2-1/2"]
[WhiteElo "1924"]
[BlackElo "1979"]
[PlyCount "108"]
[EventDate "2022.10.07"]
[EventType "team-tourn"]
[EventRounds "9"]
[EventCountry "SLO"]
[SourceTitle "CBM 210 Extra"]
[Source "ChessBase"]
[SourceDate "2022.11.30"]
[SourceVersion "1"]
[SourceVersionDate "2022.11.30"]
[SourceQuality "1"]
[WhiteTeam "Domzale Tajfun"]
[BlackTeam "Vrhnika"]
[WhiteTeamCountry "SLO"]
[BlackTeamCountry "SLO"]

1. e4 e5 2. Nf3 Nc6 3. Bb5 Nf6 4. 0-0 Nxe4 5. Qe2 Nd6 6. Bxc6 dxc6 7. Nxe5 Qe7 8. d4 Be6 9. Re1 Nc4 10. Nc3 Nxe5 11. Qxe5 Qd6 12. Bf4 Qxe5 13. Bxe5 0-0-0 14. Rad1 Bf5 15. Ne4 f6 16. Bg3 Be7 17. Ng5 Rd7 18. Ne6 Bxc2 19. Rc1 Bb4 20. Re3 Bf5 21. Rc4 Bd2 22. Nc5 Bxe3 23. Nxd7 Bxf2+ 24. Kxf2 Bxd7 25. d5 Kd8 26. b4 a6 27. a4 h5 28. dxc6 bxc6 29. h4 Re8 30. Rc5 g6 31. Kf3 Bg4+ 32. Kf4 Bf5 33. Rxc6 Re4+ 34. Kf3 Rxb4 35. Rxa6 Be4+ 36. Ke3 Rb3+ 37. Kf4 g5+ 38. Kxe4 Rxg3 39. Rxf6 gxh4 40. a5 Rxg2 41. Rf5 Ra2 42. Rxh5 Kc8 43. Kf3 h3 44. Ke4 h2 45. Kd4 Kb7 46. Kc4 Ka6 47. Kb4 c5+ 48. Kb3 Rg2 49. Kc4 Rg4+ 50. Kc3 Rg3+ 51. Kc4 Rg2 52. Rh6+ Kxa5 53. Kxc5 Rg5+ 54. Kd4 Kb5 1/2-1/2

[Event "Nova Gorica op-A 26th"]
[Site "Nova Gorica"]
[Date "2022.09.22"]
[Round "9"]
[White "Pirs, Matjaz1111"]
[Black "Vah, Denis"]
[Result "1/2-1/2"]
[WhiteElo "1943"]
[BlackElo "1988"]
[PlyCount "130"]
[EventDate "2022.09.16"]
[EventType "swiss"]
[EventRounds "9"]
[EventCountry "SLO"]
[SourceTitle "CBM 210 Extra"]
[Source "ChessBase"]
[SourceDate "2022.11.30"]
[SourceVersion "1"]
[SourceVersionDate "2022.11.30"]
[SourceQuality "1"]

1. e4 e6 2. d4 d5 3. Nc3 Nf6 4. e5 Nfd7 5. f4 c5 6. Nf3 Nc6 7. Be3 Rb8 8. Qd2 Qa5 9. dxc5 Nxc5 10. Nd4 Nxd4 11. Bxd4 Bd7 12. Be2 b5 13. Nd1 b4 14. Nf2 Bb5 15. 0-0 Bxe2 16. Qxe2 Qb5 17. Qe3 Be7 18. Nd3 Rc8 19. f5 exf5 20. Rxf5 Ne6 21. c3 bxc3 22. bxc3 0-0 23. a4 Qb3 24. Rff1 Bg5 25. Qg3 a5 26. Rfd1 Bh6 27. Qf2 Nxd4 28. cxd4 Rc2 29. Qf3 Qc3 30. Kh1 Qxd4 31. Ne1 Rd2 32. Rxd2 Qxa1 33. Rd1 Qxa4 34. Qxd5 g6 35. Nf3 Re8 36. Rd4 Qa1+ 37. Rd1 Qc3 38. Rd3 Qc7 39. h3 Bf4 40. Rd1 Kg7 41. Re1 Bg3 42. Ra1 Bxe5 43. Qxa5 Qxa5 44. Rxa5 Bf6 45. Kg1 Re2 46. Rb5 Ra2 47. Kh2 Be7 48. Rb6 Bc5 49. Rb1 Bd6+ 50. Kg1 Bg3 51. Rd1 h6 52. Nh2 g5 53. Nf1 Bf2+ 54. Kh2 h5 55. Rd2 Rxd2 56. Nxd2 h4 57. Ne4 Be3 58. g4 f6 59. Kg2 Kf7 60. Kf3 Ba7 61. Nd6+ Ke6 62. Nf5 Bc5 63. Ng7+ Ke5 64. Nf5 Bf8 65. Ne3 Be7 1/2-1/2

[Event "Nova Gorica op-A 26th"]
[Site "Nova Gorica"]
[Date "2022.09.21"]
[Round "8"]
[White "Vah, Denis"]
[Black "Fiolo, Costanza"]
[Result "1-0"]
[WhiteElo "1988"]
[BlackElo "1768"]
[PlyCount "91"]
[EventDate "2022.09.16"]
[EventType "swiss"]
[EventRounds "9"]
[EventCountry "SLO"]
[SourceTitle "CBM 210 Extra"]
[Source "ChessBase"]
[SourceDate "2022.11.30"]
[SourceVersion "1"]
[SourceVersionDate "2022.11.30"]
[SourceQuality "1"]

1. d4 Nf6 2. c4 g6 3. Nc3 d5 4. cxd5 Nxd5 5. e4 Nxc3 6. bxc3 Bg7 7. Nf3 c5 8. h3 0-0 9. Be2 Nc6 10. Be3 Bd7 11. 0-0 Qc7 12. Rb1 Rad8 13. d5 Ne5 14. Nd2 Bc8 15. f4 Nd7 16. c4 b6 17. Nf3 Nb8 18. Qd2 e6 19. e5 f6 20. d6 Qc6 21. Bf2 Nd7 22. Bg3 Bb7 23. Qe3 Qe4 24. Qxe4 Bxe4 25. Rbe1 Bxf3 26. Bxf3 g5 27. exf6 Bxf6 28. fxg5 Bd4+ 29. Kh1 e5 30. Re2 Nb8 31. Bxe5 Bxe5 32. Rxe5 Rxd6 33. Bd5+ Rxd5 34. Rxf8+ Kxf8 35. Rxd5 Kg7 36. g4 Nc6 37. Rd7+ Kg8 38. Kg2 a5 39. Rb7 Nb4 40. Rxb6 Nxa2 41. Ra6 Nc3 42. Rxa5 Ne4 43. h4 Kf7 44. Ra7+ Kg6 45. Kf3 Nd2+ 46. Kf4 1-0

[Event "Nova Gorica op-A 26th"]
[Site "Nova Gorica"]
[Date "2022.09.18"]
[Round "4"]
[White "Vah, Denis"]
[Black "Stevanic, David"]
[Result "0-1"]
[WhiteElo "1988"]
[BlackElo "2261"]
[PlyCount "120"]
[EventDate "2022.09.16"]
[EventType "swiss"]
[EventRounds "9"]
[EventCountry "SLO"]
[SourceTitle "CBM 210 Extra"]
[Source "ChessBase"]
[SourceDate "2022.11.30"]
[SourceVersion "1"]
[SourceVersionDate "2022.11.30"]
[SourceQuality "1"]

1. d4 d5 2. c4 e6 3. Nc3 c5 4. cxd5 exd5 5. Nf3 Nc6 6. g3 Nf6 7. Bg2 Be7 8. Bg5 cxd4 9. Nxd4 h6 10. Be3 0-0 11. 0-0 Re8 12. Rc1 Be6 13. Qa4 Ne5 14. Nxe6 fxe6 15. Bd4 Nc6 16. Rfd1 Nxd4 17. Qxd4 b6 18. Qd3 Bc5 19. e3 Rc8 20. Ne2 Ng4 21. b3 Qf6 22. Rf1 Ne5 23. Qb1 Nf3+ 24. Bxf3 Qxf3 25. Qd3 e5 26. Nc3 Red8 27. Rfd1 Ba3 28. Rb1 d4 29. Qe4 Qxe4 30. Nxe4 Rc2 31. exd4 Rxd4 32. Rxd4 exd4 33. Rd1 Bc5 34. Rd2 Rc1+ 35. Kg2 Kf7 36. Nxc5 bxc5 37. b4 Ke6 38. bxc5 Kd5 39. Kf3 Rxc5 40. Ke2 Rc3 41. Rb2 Ke4 42. f4 Ra3 43. Kd2 h5 44. Ke2 h4 45. Kd2 hxg3 46. hxg3 Rxg3 47. Rb7 Rg2+ 48. Kc1 Rxa2 49. Rxg7 Kxf4 50. Rd7 Ke3 51. Re7+ Kd3 52. Rd7 a5 53. Ra7 Rc2+ 54. Kd1 Rc5 55. Rh7 Kc3 56. Kc1 a4 57. Kb1 d3 58. Rh3 Rb5+ 59. Ka2 Kc2 60. Rh8 Rc5 0-1

[Event "Nova Gorica op-A 26th"]
[Site "Nova Gorica"]
[Date "2022.09.17"]
[Round "2"]
[White "Vah, Denis"]
[Black "Saypuri, Srithan"]
[Result "1/2-1/2"]
[WhiteElo "1988"]
[BlackElo "2199"]
[PlyCount "46"]
[EventDate "2022.09.16"]
[EventType "swiss"]
[EventRounds "9"]
[EventCountry "SLO"]
[SourceTitle "CBM 210 Extra"]
[Source "ChessBase"]
[SourceDate "2022.11.30"]
[SourceVersion "1"]
[SourceVersionDate "2022.11.30"]
[SourceQuality "1"]

1. d4 d5 2. c4 e6 3. Nc3 Bb4 4. cxd5 exd5 5. Bf4 c6 6. Nf3 Ne7 7. Rc1 0-0 8. e3 Ng6 9. Bg3 Bf5 10. Be2 Re8 11. 0-0 h5 12. h3 Bd6 13. Bxd6 Qxd6 14. Ne1 h4 15. Bg4 Bxg4 16. Qxg4 Nd7 17. Nd3 Nf6 18. Qd1 Re7 19. Qc2 Nd7 20. Ne2 Nb6 21. b3 Qf6 22. Kh1 Rae8 23. Ng1 Nc8 1/2-1/2

[Event "Ljubljana-chT 71st 1st League"]
[Site "Ljubljana"]
[Date "2018.03.15"]
[Round "6.2"]
[White "Ocepek, Marjan"]
[Black "Vah, Denis"]
[Result "0-1"]
[WhiteElo "1607"]
[BlackElo "1606"]
[PlyCount "138"]
[EventDate "2018.01.11"]
[EventType "team-tourn"]
[EventRounds "9"]
[EventCountry "SLO"]
[SourceTitle "EXT 2024"]
[Source "ChessBase"]
[SourceDate "2023.10.10"]
[SourceVersion "1"]
[SourceVersionDate "2023.10.10"]
[SourceQuality "1"]
[WhiteTeam "Menges Trzin II"]
[BlackTeam "Vrhnika"]
[WhiteTeamCountry "SLO"]
[BlackTeamCountry "SLO"]

1. Nf3 d5 2. d4 c5 3. e3 Nc6 4. c4 cxd4 5. cxd5 Qxd5 6. Nc3 Qa5 7. Nxd4 Nxd4 8. Qxd4 Bd7 9. Bd2 e5 10. Qd5 Qxd5 11. Nxd5 Rc8 12. e4 Bd6 13. Bd3 Ne7 14. Ne3 f6 15. 0-0 Kf7 16. Rac1 Be6 17. Bc4 b6 18. b3 Rhd8 19. Rfd1 Bxc4 20. Nxc4 Bc5 21. Bc3 Rxd1+ 22. Rxd1 b5 23. Nxe5+ fxe5 24. Bxe5 Ng6 25. Bg3 Be7 26. f4 Rc2 27. f5 Bc5+ 28. Kf1 Nf4 29. e5 Rxg2 30. e6+ Ke8 31. Bxf4 Rf2+ 32. Ke1 Rxf4 33. Rd5 Bb4+ 34. Ke2 a6 35. Ke3 Rh4 36. Rd7 Bc3 37. Rc7 Be5 38. Rc8+ Ke7 39. Rc6 Rxh2 40. Rxa6 Bd6 41. Kf3 b4 42. Kg4 Rg2+ 43. Kf3 Rd2 44. Ke3 Rd1 45. Kf3 Kf6 46. Ra5 Rf1+ 47. Kg4 Rf4+ 48. Kh3 Rxf5 49. Ra6 Kxe6 50. Ra7 Rf7 51. Ra5 Rc7 52. Kg4 Rc5 53. Ra8 h5+ 54. Kh4 Be7+ 55. Kg3 Rd5 56. Kf4 g5+ 57. Ke4 h4 58. Ra6+ Bd6 59. Ra8 Rd1 60. Re8+ Kf7 61. Rd8 Re1+ 62. Kf5 Rf1+ 63. Kg4 Be7 64. Rd3 Rf4+ 65. Kh3 g4+ 66. Kg2 h3+ 67. Kg3 Rf3+ 68. Rxf3+ gxf3 69. Kxf3 Bd6 0-1

[Event "SLO-ch U16"]
[Site "Portoroz"]
[Date "2018.03.02"]
[Round "9"]
[White "Vah, Denis"]
[Black "Lazarev, Vladislav1111"]
[Result "1/2-1/2"]
[WhiteElo "1634"]
[BlackElo "1695"]
[PlyCount "115"]
[EventDate "2018.02.24"]
[EventType "swiss"]
[EventRounds "9"]
[EventCountry "SLO"]
[SourceTitle "EXT 2019"]
[Source "ChessBase"]
[SourceDate "2018.10.10"]
[SourceVersion "1"]
[SourceVersionDate "2018.10.10"]
[SourceQuality "1"]

1. d4 d5 2. c4 Nc6 3. Nf3 Bg4 4. Ne5 Nxe5 5. dxe5 dxc4 6. Qa4+ Bd7 7. Qxc4 e6 8. Nc3 a6 9. a4 Ne7 10. e4 Ng6 11. f4 Bc6 12. Be2 Qh4+ 13. g3 Qe7 14. Be3 Qb4 15. 0-0 Qxc4 16. Bxc4 Bb4 17. Bd3 0-0 18. h4 Rfd8 19. Bc2 Nf8 20. g4 Nd7 21. Ne2 Nc5 22. Ng3 Nd3 23. b3 Bc3 24. Rad1 Nb4 25. Bb1 Be8 26. Rc1 Bd2 27. Bxd2 Rxd2 28. Rxc7 Bc6 29. f5 Rad8 30. fxe6 fxe6 31. Nh5 R2d7 32. Rxd7 Rxd7 33. Nf4 Re7 34. Rd1 Be8 35. Rd6 Kf7 36. Bd3 Nxd3 37. Nxd3 Rc7 38. Rb6 Bd7 39. a5 Bb5 40. Nf4 Bd7 41. b4 Rc1+ 42. Kf2 Bc6 43. Nd3 Rc4 44. Nc5 Bxe4 45. Nxe4 Rxe4 46. Rxb7+ Kg6 47. Rb6 Rxg4 48. Rxe6+ Kf5 49. Rxa6 Rxb4 50. e6 Kf6 51. Kg3 Ra4 52. Ra8 Kxe6 53. a6 Kf6 54. a7 Kg6 55. Kh3 Kh6 56. Kg3 Kg6 57. Kf3 Kh5 58. Kg3 1/2-1/2

[Event "Nova Gorica op 23rd"]
[Site "Nova Gorica"]
[Date "2018.01.30"]
[Round "7"]
[White "Riccobon, Elia"]
[Black "Vah, Denis"]
[Result "1-0"]
[WhiteElo "1975"]
[BlackElo "1634"]
[PlyCount "47"]
[EventDate "2018.01.26"]
[EventType "swiss"]
[EventRounds "9"]
[EventCountry "SLO"]
[SourceTitle "CBM 182 Extra"]
[Source "ChessBase"]
[SourceDate "2018.02.23"]
[SourceVersion "1"]
[SourceVersionDate "2018.02.23"]
[SourceQuality "1"]

1. e4 e5 2. Nf3 Nc6 3. Nc3 Nf6 4. Nxe5 Nxe5 5. d4 Ng6 6. e5 Ng8 7. Qf3 Nh4 8. Qe4 Bb4 9. Bc4 Bxc3+ 10. bxc3 Nh6 11. g3 N4f5 12. Ba3 c6 13. 0-0 Qg5 14. d5 Qg6 15. Bd3 cxd5 16. Qxd5 Qc6 17. Qb3 Qf3 18. Rae1 Qc6 19. e6 fxe6 20. Bb5 Qc7 21. Qxe6+ Kd8 22. Be7+ Ke8 23. Bf6+ Kf8 24. Qe8# 1-0

[Event "Nova Gorica op 23rd"]
[Site "Nova Gorica"]
[Date "2018.01.28"]
[Round "5"]
[White "Hercog, Nusa"]
[Black "Vah, Denis"]
[Result "1-0"]
[WhiteElo "1909"]
[BlackElo "1634"]
[PlyCount "55"]
[EventDate "2018.01.26"]
[EventType "swiss"]
[EventRounds "9"]
[EventCountry "SLO"]
[SourceTitle "CBM 182 Extra"]
[Source "ChessBase"]
[SourceDate "2018.02.23"]
[SourceVersion "1"]
[SourceVersionDate "2018.02.23"]
[SourceQuality "1"]

1. d4 Nf6 2. c4 e6 3. Nf3 d5 4. Nc3 Bb4 5. e3 0-0 6. Bd3 Qe7 7. 0-0 Bxc3 8. bxc3 c6 9. a4 Rd8 10. Ne5 b6 11. f4 Bb7 12. cxd5 exd5 13. Ba3 Qc7 14. Rc1 Nbd7 15. c4 c5 16. Qe2 Rac8 17. Kh1 Ne4 18. cxd5 Bxd5 19. Ba6 Rb8 20. Bc4 Qd6 21. Rfd1 Qh6 22. Kg1 Bxc4 23. Qxc4 Nd6 24. Qd5 Nf6 25. Qf3 Rbc8 26. dxc5 bxc5 27. Nc6 Rd7 28. Rxd6 1-0

[Event "SLO-chT3 West"]
[Site "Komenda"]
[Date "2017.12.09"]
[Round "3.2"]
[White "Vah, Denis"]
[Black "Tansek, Branko"]
[Result "1/2-1/2"]
[WhiteElo "1650"]
[BlackElo "1621"]
[PlyCount "106"]
[EventDate "2017.12.08"]
[EventType "team-swiss"]
[EventRounds "5"]
[EventCountry "SLO"]
[SourceTitle "EXT 2019"]
[Source "ChessBase"]
[SourceDate "2018.10.10"]
[SourceVersion "1"]
[SourceVersionDate "2018.10.10"]
[SourceQuality "1"]
[WhiteTeam "Vrhnika II"]
[BlackTeam "Ljubljana Duol III"]
[WhiteTeamCountry "SLO"]
[BlackTeamCountry "SLO"]

1. d4 d5 2. c4 dxc4 3. e3 Nf6 4. Bxc4 e6 5. Nf3 Nc6 6. 0-0 Be7 7. b3 0-0 8. Ba3 a6 9. Bxe7 Qxe7 10. Nbd2 b5 11. Bd3 Nb4 12. Bb1 Bb7 13. a3 Nbd5 14. Qc2 g6 15. Rc1 Rac8 16. Qc5 Qxc5 17. Rxc5 Nd7 18. Rc1 c5 19. dxc5 Rxc5 20. Be4 Rfc8 21. Rxc5 Rxc5 22. b4 Rc7 23. Nb3 N7f6 24. Bxd5 Nxd5 25. Nc5 Bc8 26. Kf1 Kf8 27. Rc1 Ke7 28. Nd4 Nb6 29. Ke2 Nc4 30. a4 Nd6 31. axb5 axb5 32. Ra1 Bd7 33. Ra8 Be8 34. Ra1 e5 35. Ndb3 f6 36. Na5 Bf7 37. Rc1 Be8 38. Nd3 Rxc1 39. Nxc1 Bd7 40. Nd3 Be8 41. Nc5 Bd7 42. Kd3 Be8 43. Ne4 f5 44. Nxd6 Kxd6 45. e4 Bc6 46. f3 f4 47. Nb3 g5 48. Ke2 h5 49. Nc5 Be8 50. Nd3 Bf7 51. Nf2 Ke6 52. g3 Kf6 53. Kd3 Be6 1/2-1/2

[Event "Otocec Krka Terme op"]
[Site "Otocec"]
[Date "2017.11.05"]
[Round "9"]
[White "Kaluza, Dominik"]
[Black "Vah, Denis"]
[Result "1/2-1/2"]
[WhiteElo "1390"]
[BlackElo "1657"]
[PlyCount "90"]
[EventDate "2017.11.02"]
[EventType "swiss"]
[EventRounds "9"]
[EventCountry "SLO"]
[SourceTitle "EXT 2019"]
[Source "ChessBase"]
[SourceDate "2018.10.10"]
[SourceVersion "1"]
[SourceVersionDate "2018.10.10"]
[SourceQuality "1"]

1. Nf3 d5 2. d4 Nf6 3. Bf4 c5 4. c3 Nc6 5. e3 Qb6 6. Qc1 Bf5 7. b3 Rc8 8. Qb2 cxd4 9. cxd4 Nb4 10. Na3 Nc2+ 11. Nxc2 Rxc2 12. Qb1 Re2+ 13. Bxe2 Bxb1 14. Rxb1 Qb4+ 15. Nd2 Ne4 16. Rd1 e6 17. Bf3 Nxd2 18. Rxd2 f5 19. Ke2 Qb5+ 20. Kd1 Bb4 21. Rc2 Qd3+ 22. Kc1 Ba3+ 23. Kb1 0-0 24. Be2 Qxc2+ 25. Kxc2 Rc8+ 26. Kb1 Kf7 27. Be5 h6 28. h4 g6 29. Bf3 b6 30. Be2 Kg8 31. g4 Kf7 32. g5 h5 33. Bg3 Rc3 34. Rd1 Ke7 35. Bb5 Kf7 36. Bb8 a5 37. Ba4 Kg8 38. Ba7 f4 39. Re1 fxe3 40. fxe3 Bb4 41. Re2 Ba3 42. Re1 Bb4 43. Re2 Ba3 44. Re1 Bb4 45. Re2 Ba3 1/2-1/2

[Event "Otocec Krka Terme op"]
[Site "Otocec"]
[Date "2017.11.02"]
[Round "2"]
[White "Vah, Denis"]
[Black "Brinovec, David"]
[Result "0-1"]
[WhiteElo "1657"]
[BlackElo "2162"]
[PlyCount "104"]
[EventDate "2017.11.02"]
[EventType "swiss"]
[EventRounds "9"]
[EventCountry "SLO"]
[SourceTitle "EXT 2019"]
[Source "ChessBase"]
[SourceDate "2018.10.10"]
[SourceVersion "1"]
[SourceVersionDate "2018.10.10"]
[SourceQuality "1"]

1. d4 d5 2. c4 e6 3. g3 Nf6 4. Bg2 c6 5. Nf3 Nbd7 6. 0-0 Be7 7. b3 0-0 8. Bb2 b6 9. Nbd2 Bb7 10. Rc1 Rc8 11. Ne5 c5 12. cxd5 Bxd5 13. e4 Bb7 14. Qe2 cxd4 15. Bxd4 Nc5 16. Bxc5 Rxc5 17. Rxc5 Bxc5 18. Ndc4 b5 19. Nd2 Qa5 20. Nd3 Bb6 21. e5 Bxg2 22. Kxg2 Nd5 23. Ne4 Rc8 24. Rc1 Rxc1 25. Nxc1 Qb4 26. Nd3 Qd4 27. Nd6 Nc3 28. Qf3 Qd5 29. Qxd5 exd5 30. a3 a6 31. f4 Nb1 32. Nb4 d4 33. a4 bxa4 34. bxa4 a5 35. Nd3 Nc3 36. Nb2 Bc5 37. Kf3 Kf8 38. Ndc4 Bb4 39. Nb6 Ba3 40. N6c4 Bxb2 41. Nxb2 Ke7 42. Nc4 Nxa4 43. Nxa5 Ke6 44. Ke4 Nc3+ 45. Kd3 Nb5 46. Nc4 f6 47. exf6 gxf6 48. Nd2 f5 49. Nf3 Kd5 50. Ne5 Nc3 51. Nf7 Nd1 52. Nh6 Nf2+ 0-1

[Event "Topusko Amateur op 6th"]
[Site "Topusko"]
[Date "2017.08.17"]
[Round "7"]
[White "Vah, Denis"]
[Black "Rozmanec, Pia"]
[Result "1-0"]
[WhiteElo "1638"]
[BlackElo "1279"]
[PlyCount "109"]
[EventDate "2017.08.12"]
[EventType "swiss"]
[EventRounds "9"]
[EventCountry "CRO"]
[SourceTitle "CBM 180 Extra"]
[Source "ChessBase"]
[SourceDate "2017.10.06"]
[SourceVersion "1"]
[SourceVersionDate "2017.10.06"]
[SourceQuality "1"]

1. d4 Nf6 2. c4 c5 3. d5 b5 4. Qc2 bxc4 5. e4 d6 6. Bxc4 g6 7. Nf3 Bg7 8. h3 0-0 9. 0-0 Nbd7 10. Re1 Nb6 11. Bf1 Bb7 12. Nc3 e6 13. dxe6 fxe6 14. Be3 Qc7 15. Rad1 a6 16. Bf4 e5 17. Be3 Rad8 18. Nd5 Nfxd5 19. exd5 Bc8 20. Ng5 Bf5 21. Bd3 Bc8 22. g4 a5 23. Bb5 h6 24. Ne4 Bd7 25. Nc3 Bxb5 26. Nxb5 Qf7 27. Nc3 Qf3 28. Kh2 Nc4 29. Qe2 Nxe3 30. fxe3 Qf2+ 31. Kh1 Qg3 32. Qg2 Qf2 33. Qxf2 Rxf2 34. Re2 Rdf8 35. Kg1 Rxe2 36. Nxe2 Rf3 37. e4 Re3 38. Nc3 Rxh3 39. Kg2 Rh4 40. Kg3 Bf6 41. Rf1 Be7 42. Nb5 h5 43. gxh5 Rxh5 44. a4 Rg5+ 45. Kf3 Kg7 46. Nc7 Kg8 47. Rh1 Rh5 48. Rxh5 gxh5 49. b3 h4 50. Ne6 Kf7 51. Kg4 Ke8 52. Ng7+ Kd7 53. Nf5 Kc7 54. Nxe7 c4 55. bxc4 1-0

[Event "Topusko Amateur op 6th"]
[Site "Topusko"]
[Date "2017.08.13"]
[Round "3"]
[White "Vah, Denis"]
[Black "Klasan, Elvis"]
[Result "1/2-1/2"]
[WhiteElo "1638"]
[BlackElo "1893"]
[PlyCount "99"]
[EventDate "2017.08.12"]
[EventType "swiss"]
[EventRounds "9"]
[EventCountry "CRO"]
[SourceTitle "CBM 180 Extra"]
[Source "ChessBase"]
[SourceDate "2017.10.06"]
[SourceVersion "1"]
[SourceVersionDate "2017.10.06"]
[SourceQuality "1"]

1. d4 d5 2. c4 c6 3. Nf3 Nf6 4. e3 Bg4 5. h3 Bxf3 6. Qxf3 e6 7. cxd5 Qxd5 8. Qxd5 exd5 9. a3 Bd6 10. Bd3 Nbd7 11. Nc3 0-0 12. Kd2 a6 13. b3 Rfe8 14. f3 Bc7 15. a4 Ba5 16. Ba3 Bxc3+ 17. Kxc3 Rxe3 18. Rhe1 Rae8 19. Rxe3 Rxe3 20. Kd2 Re8 21. Re1 Rxe1 22. Kxe1 g6 23. g4 Ne8 24. b4 Nc7 25. Kf2 Nb6 26. Bc2 Nc4 27. Bc1 Ne6 28. Be3 f6 29. Bb3 b5 30. a5 Kf7 31. Ke2 g5 32. Kf2 Nxe3 33. Kxe3 Nf4 34. Bc2 h6 35. Bf5 Ne6 36. Bxe6+ Kxe6 37. f4 f5 38. fxg5 hxg5 39. gxf5+ Kxf5 40. Kf3 Kf6 41. Ke3 Kg6 42. Kf3 Kf5 43. Ke3 g4 44. h4 g3 45. Kf3 g2 46. Kxg2 Kg4 47. h5 Kxh5 48. Kh3 Kg5 49. Kg3 Kf5 50. Kf3 1/2-1/2